00548nam a2200193Ii 450000100060000000300090000600800410001502000150005604000330007104100080010408200150011210000190012724500190014626400960016530000120026133600260027333700280029933800270032717552CO-ViMGA241108s9999||||xx |||||||||||||| ||und|| a9592600139 aCO-ViMGAbspaerdacCO-ViMGA0 aspa04aA860.9 R421 aRicardo Piglia10aRicardo Piglia 1aBogotá, Colombia : Instituto Caro y Cuervo ; Fondo Editorial Casa de las Américas, 2000 avolumen atextbtxt2rdacontent aunmediatedbn2rdamedia avolumebnc2rdacarrier